000 00687cam a22002055a 4500
001 L156362
008 120515s1845 xxk f 000 0 eng d
035 _a(Sirsi) u156362
041 0 _aeng
100 1 _aChambers, Thomas
_cSir
_d1814-1891
245 0 4 _aThe Metropolitan buildings act, 7 & 8 Vict. Cap. lxxxiv
_bwith notes and cases explanatory of its law and practice
250 _a2nd ed.
260 _aLondon
_bLumley
_c1865 [i.e. 1845]
300 _axii, 196 p.
_bill.
_c19 cm.
583 _aCondition reviewed
_c20120620
_lcondition level 1
651 4 _aGreat Britain
_y1707-
690 _aConstruction management
_96230
700 1 _aTattersall, George
_d1817-1849
942 _n0
999 _c114210
_d114210